000 00365nam a2200157Ia 4500
008 230524s9999 xx 000 0 und d
082 _a530.13
_bKER
100 _aKerson Huang
245 0 _aStatistical Mechanics
250 _a2ND
260 _aNEWYORK
_bJohan Wiley
_c1987
300 _a493
500 _aQuantity Number: 2
650 _aPhysics
942 _cBK
999 _c24137
_d24137